Definitions of Run - Sudden Death - Statistics

General Stats
  • This quiz has been taken 352 times
    224 since last reset
  • The average score is 4 of 12
Answers on the Grid
Answers color-coded by a green-red scale on the quiz's grid according to % correct below.
Extend or cause to extend in a particular direction.
Be in charge of; manage.
Continue or be valid or operative for a particular period of time.
Be a candidate in a political election.
Bring (goods) into a country illegally and secretly.
The average or usual type of person or thing.
(with reference to a liquid) flow or cause to flow.
A continuous series of performances.
An opportunity or attempt to achieve something.
Move at a speed faster than a walk, never having both or all the feet on the ground at the same time.
Take (someone) somewhere in a car.
A track made or regularly used by a particular animal.
A short stretch of railroad track used for repositioning cars in a yard.
The horizontal distance that an object travels in a specific time.
A minor navigational correction made when a ship drifts slightly off course.
The period of time in which a product reaches its peak in popularity.
(with reference to a glacier) slowly move.
To align movable type in a press so that impressions are even and consistent.
Pass into or reach a specified state or level.
To temper glass slowly by controlled cooling.
 
Answer Stats
Answer % Correct
Be a candidate in a political election.
64%
Be in charge of; manage.
62%
Move at a speed faster than a walk, never having both or all the feet on the ground at the same time.
60%
(with reference to a liquid) flow or cause to flow.
51%
A continuous series of performances.
48%
Continue or be valid or operative for a particular period of time.
30%
Take (someone) somewhere in a car.
30%
Bring (goods) into a country illegally and secretly.
25%
A track made or regularly used by a particular animal.
22%
An opportunity or attempt to achieve something.
19%
Extend or cause to extend in a particular direction.
19%
The average or usual type of person or thing.
11%
No matching quizzes found
Score Distribution
Percent of People with Each Score
Percentile by Number Answered
Your Score History
You have not taken this quiz since the last reset